<?xml version="1.0" encoding="UTF-8"?>
<record
    xmlns:xsi="http://www.w3.org/2001/XMLSchema-instance"
    xsi:schemaLocation="http://www.loc.gov/MARC21/slim http://www.loc.gov/standards/marcxml/schema/MARC21slim.xsd"
    xmlns="http://www.loc.gov/MARC21/slim">

  <leader>00244    a2200097   4500</leader>
  <datafield tag="100" ind1="1" ind2=" ">
    <subfield code="a">SIL, Horsleys Green</subfield>
  </datafield>
  <datafield tag="245" ind1="0" ind2="0">
    <subfield code="a">Language learning handbook</subfield>
    <subfield code="b"></subfield>
    <subfield code="c">SIL, Horsleys Green</subfield>
  </datafield>
  <datafield tag="260" ind1=" " ind2=" ">
    <subfield code="a">SIL:</subfield>
    <subfield code="b">,</subfield>
    <subfield code="c">c1978.</subfield>
  </datafield>
  <datafield tag="300" ind1=" " ind2=" ">
    <subfield code="a">64p</subfield>
  </datafield>
  <datafield tag="650" ind1=" " ind2="4">
    <subfield code="a">LANGUAGE</subfield>
    <subfield code="x">LEARNING</subfield>
  </datafield>
  <datafield tag="999" ind1=" " ind2=" ">
    <subfield code="c">64228</subfield>
    <subfield code="d">64202</subfield>
  </datafield>
</record>
